Mineralogie, petrografie a geologie

Podrobná bibliografia
Hlavní autori: Babuška, Václav, 1900-1983 (Autor), Mužík, Miroslav (Autor)
Médium: Kniha
Jazyk:čeština
Fyzický popis:470 strán, 16 nečíslovaných strán obrazových príloh farebné fotografie, grafy, ilustrácie, mapy, tabuľky 21 cm
Vydavateľské údaje: Praha Státní nakladatelství technické literatury 1975
Vydanie:2. přeprac. vyd.
Edícia:Řada báňské literatury
Predmet:

MARC

LEADER 00000cam a2200000 a 4500
001 vtls001159352
003 SK-MaSNL
005 20260301002320.0
008 240226s1975 xr oablfrnp 001 0 cze
015 |a SNBA1975 
020 |q (viazané) 
035 |a SNK000102258 
035 |a DC193475-D3E4-46B5-95BD-532BD9514727 
035 |a urn:nbn:sk:snk-am00iioi 
040 |a SNK  |b slo  |c SNK  |e AACR2 
041 0 |a cze 
044 |a xr  |c CZ 
072 7 |a 55  |x Vedy o Zemi. Geologické vedy  |2 konspekt 
072 7 |a 37.016  |x Učebné osnovy. Vyučovacie predmety. Učebnice  |2 konspekt 
080 |a 55  |2 1997 
080 |a 552  |2 1997 
080 |a 549  |2 1997 
080 |a (075.3)  |2 1997 
080 |a 549  |2 2011 
080 |a 552  |2 2011 
080 |a 551.1/.4  |2 2011 
080 |a (075.3)  |2 2011 
100 1 |a Babuška, Václav,  |d 1900-1983  |4 aut  |9 281904 
245 1 0 |a Mineralogie, petrografie a geologie  |c Václav Babuška, Miroslav Mužík 
250 |a 2. přeprac. vyd. 
260 |a Praha  |b Státní nakladatelství technické literatury  |c 1975 
300 |a 470 strán, 16 nečíslovaných strán obrazových príloh  |b farebné fotografie, grafy, ilustrácie, mapy, tabuľky  |c 21 cm 
366 |e 2700 výtl. 
490 1 |a Řada báňské literatury 
504 |a Bibliografia na strane 461-462. Register 
521 |a Študentom stredných priemyselných škôl baníckych, stredným banským technikom a všetkým záujemcom o mineralógiu, petrografiu a geológiu 
650 0 7 |a petrológia  |2 SNKPH  |9 845 
650 0 7 |a mineralógia  |2 SNKPH  |9 943 
650 0 7 |a geológia  |2 SNKPH  |9 167377 
655 7 |a učebnice stredných škôl  |2 SNKPH  |9 69323 
700 1 |a Mužík, Miroslav  |4 aut  |9 281905 
830 0 |a Řada báňské literatury  |9 281307 
852 |a Slovenská národná knižnica 
958 |a OND 
958 |a NB 
958 |a EUIPO 
999 |c 537039  |d 538969 
952 |a SNK  |b SNK  |y VYP  |7 0  |p 17A0492437  |o snkSC 37009 D1  |i snkKIP 7774/75  |0 0  |1 0  |4 0  |d 2006-01-12  |l 0  |r 2026-02-23 12:28:31  |w 2026-02-23 
952 |a SNK  |b SNK  |y PREZ  |7 0  |p 17A0492671  |o snkSC 37009  |i snkKIP 7773/75  |0 0  |1 0  |4 0  |d 2006-01-12  |f 1  |l 0  |r 2025-10-10 00:00:00  |w 2026-02-23